=LDR 00000nam 2200000 4500 =001 NUTBA000000000004415 =005 20230914081440 =035 ##$$a 0010-091400000000448 =008 230914################g##########0#ind## =020 ##$$a 978-979-6022-23-6 =040 ##$$a NBPDMAT =082 ##$$a R.540.3 =084 ##$$a R.540.3 DIA k =100 ##$$a Dian Puspasari =245 1#$$a kamus Pintar kimia /$c Dian Puspasari,Dwi setyorini =260 ##$:$b Dwi Media Press,$c 2010 =300 ##$$a viii, 320 hlm. : $b ilus. ; $c 21 x 14 cm. =650 #4$$a KIMIA-KAMUS =700 #$$a Dwi setyorini =250 ##$$a cet.1 =990 ##$$a 21409672 =990 ##$$a 21409673 =990 ##$$a 21409674 =990 ##$$a 21409675 =990 ##$$a 21409676 =990 ##$$a 1201001781 =990 ##$$a 1201001782